LEADER 02253nam 2200589 450 001 9910463792203321 005 20200520144314.0 010 $a1-61117-321-3 035 $a(CKB)3170000000070168 035 $a(EBL)2054834 035 $a(OCoLC)900414563 035 $a(SSID)ssj0001189777 035 $a(PQKBManifestationID)12504165 035 $a(PQKBTitleCode)TC0001189777 035 $a(PQKBWorkID)11178775 035 $a(PQKB)11665568 035 $a(OCoLC)876088612 035 $a(MdBmJHUP)muse32265 035 $a(MiAaPQ)EBC2054834 035 $a(Au-PeEL)EBL2054834 035 $a(EXLCZ)993170000000070168 100 $a20181008d2013 uy 0 101 0 $aeng 135 $aur|n|---||||| 181 $ctxt 182 $cc 183 $acr 200 10$aJewish sanctuary in the Atlantic world $ea social and architectural history /$fBarry L. Stiefel 210 1$aColumbia, South Carolina :$cThe University of South Carolina Press,$d2013. 215 $a1 online resource (382 p.) 225 0 $aThe Carolina Lowcountry and the Atlantic World 300 $aDescription based upon print version of record. 311 $a1-61117-320-5 320 $aIncludes bibliographical references and index. 327 $aThe origin of the Atlantic World Synagogue -- Jews and Conversos during the age of discovery -- Brave new world: Jews under Protestant dominion before 1675 -- Jewish prosperity in the Protestant Atlantic world, 1675-1775 -- Jewish enfranchisement in the Protestant Atlantic world after 1775 -- Jews and non-Caucasians in the Atlantic world. 330 $aA cultural and architectural history of Judaism as it expanded and took root in the Atlantic world 410 4$aThe Carolina Lowcountry and the Atlantic World 606 $aSephardim$zAmerica$xHistory 606 $aJews$zAmerica$xHistory 607 $aAmerica$xEthnic relations 608 $aElectronic books. 615 0$aSephardim$xHistory. 615 0$aJews$xHistory. 676 $a973/.04924 700 $aStiefel$b Barry$0923070 801 0$bMiAaPQ 801 1$bMiAaPQ 801 2$bMiAaPQ 906 $aBOOK 912 $a9910463792203321 996 $aJewish sanctuary in the Atlantic world$92460171 997 $aUNINA LEADER 03611nam 2200769 450 001 9910810457003321 005 20230803022717.0 010 $a3-486-72017-1 024 7 $a10.1524/9783486720174 035 $a(CKB)2550000001169970 035 $a(EBL)1524463 035 $a(OCoLC)866440205 035 $a(SSID)ssj0001168126 035 $a(PQKBManifestationID)11776735 035 $a(PQKBTitleCode)TC0001168126 035 $a(PQKBWorkID)11144054 035 $a(PQKB)10155954 035 $a(MiAaPQ)EBC1524463 035 $a(DE-B1597)233082 035 $a(OCoLC)1002222607 035 $a(OCoLC)1004872602 035 $a(OCoLC)1011439912 035 $a(OCoLC)1013939549 035 $a(OCoLC)979892052 035 $a(OCoLC)984626087 035 $a(OCoLC)987921612 035 $a(OCoLC)992472442 035 $a(OCoLC)999355256 035 $a(DE-B1597)9783486720174 035 $a(Au-PeEL)EBL1524463 035 $a(CaPaEBR)ebr10829484 035 $a(CaONFJC)MIL551955 035 $a(EXLCZ)992550000001169970 100 $a20140203h20132013 uy 0 101 0 $ager 135 $aur|n|---||||| 181 $ctxt 182 $cc 183 $acr 200 10$aSicherheit in kommunikationsnetzen /$fvon Jun.-Prof. Dr. Christoph Sorge, Prof. Dr. Nils Gruschka, Prof. Dr. Luigi Lo Iacono ; Johannes Breimeier, lektorat ; Tina Bonertz, herstellung 210 1$aMunich, Germany :$cOldenbourg Wissenschaftsverlag,$d2013. 210 4$d©2013 215 $a1 online resource (273 p.) 300 $aDescription based upon print version of record. 311 $a3-486-72016-3 311 $a1-306-20704-5 320 $aIncludes bibliographical references and index. 327 $t Frontmatter -- $tInhaltsverzeichnis -- $t1 Einleitung -- $tTeil I: Grundlagen -- $t2 Kommunikation in Netzen -- $t3 Informations- und Kommunikationssicherheit -- $t4 Kryptographie -- $t5 Public-Key-Infrastrukturen -- $tTeil II: Absicherung lokaler Netze -- $t6 Netzwerkinfrastrukturen -- $t7 Authentifizierung im Netzwerk -- $t8 WLAN-Sicherheit -- $t9 Kerberos -- $tTeil III: Internet-Sicherheit -- $t10 IPsec -- $t11 Sicherheit der Transportschicht -- $t12 DNS-Sicherheit -- $tTeil IV: Mobilfunk- und Web-Sicherheit -- $t13 GSM und UMTS -- $t14 Web-Sicherheit -- $tTeil V: Szenarien -- $t15 Der Blickwinkel des Penetrationstesters -- $t16 Der Blickwinkel des Sicherheitsbeauftragten -- $tAbkürzungsverzeichnis -- $tLiteraturverzeichnis -- $tIndex 330 $aFast täglich werden neue Angriffe auf IT-Systeme bekannt, bei denen sensible Daten entwendet werden. Das vorliegende Buch vermittelt die wesentlichen Grundlagen und Technologien, die zur Absicherung von Computernetzwerken benötigt werden. Stets legen die Autoren dabei Wert auf eine verständliche Darstellung, die - soweit möglich - auf abstrakte Modelle und formalen Notationen verzichtet. Zu jedem Kapitel werden Aufgaben zur Kontrolle von Wissensstand und Verständnis angeboten. 606 $aNetwork performance (Telecommunication) 606 $aComputer security 615 0$aNetwork performance (Telecommunication) 615 0$aComputer security. 676 $a004.6 686 $aST 276$2rvk 700 $aSorge$b Christoph$01103085 701 $aGruschka$b Nils$01630778 701 $aIacono$b Luigi Lo$01630779 701 $aBreimeier$b Johannes$01630780 701 $aBonertz$b Tina$01630781 801 0$bMiAaPQ 801 1$bMiAaPQ 801 2$bMiAaPQ 906 $aBOOK 912 $a9910810457003321 996 $aSicherheit in kommunikationsnetzen$93969271 997 $aUNINA